[Event "Mondiale Lampo FIDE 2017"]
[Site "Riyadh"]
[Date "30.12.2017"]
[Round "15.6"]
[White "Esipenko, Andrey"]
[Black "Dreev, Aleksey"]
[Result "1/2-1/2"]
[WhiteTitle "FM"]
[BlackTitle "GM"]
[WhiteElo "2564"]
[BlackElo "2653"]
[WhiteFideId "24175439"]
[BlackFideId "4100107"]
[EventDate "2017.12.29"]

1. d4 d5 2. c4 c6 3. Nf3 Nf6 4. Nc3 e6 5. e3 Nbd7 6. Qc2 b6 7. b3 Bb7 8. Be2 Bd6
9. O-O O-O 10. Bb2 Qe7 11. Rad1 Rfd8 12. Rfe1 Bb4 13. Bd3 h6 14. Re2 Rac8 15. e4
dxc4 16. Bxc4 b5 17. Bd3 c5 18. Bxb5 cxd4 19. Rxd4 Bxc3 20. Bxc3 Nc5 21. Rxd8+
Qxd8 22. Bxf6 Qxf6 23. Bc4 Qa1+ 24. Re1 Qf6 25. h3 Qf4 26. Nd2 Rd8 27. Re2 Rd4
28. g3 Qd6 29. b4 Nd7 30. Nf3 Rd1+ 31. Kg2 Nb6 32. Bb3 Rd3 33. Nd2 Rd4 34. Nc4
Nxc4 35. Bxc4 Qxb4 36. Bd3 Qd6 37. Bb5 Qb6 38. Bd3 Qd6 39. Bb5 Qb6 40. Bd3 Qd8
41. Bb5 f5 42. Bc6 Bxc6 43. Qxc6 Rd6 44. Qb7 Qd7 45. Qb8+ Kh7 46. exf5 Qc6+ 47.
f3 exf5 48. Qb1 Qd5 49. Qc2 Rc6 50. Qb2 Rb6 51. Qc2 Rc6 52. Qb2 Rb6 53. Qc2 Rc6 1/2-1/2

[Event "Mondiale Lampo FIDE 2017"]
[Site "Riyadh"]
[Date "30.12.2017"]
[Round "15.7"]
[White "Artemiev, Vladislav"]
[Black "Andriasian, Zaven"]
[Result "1-0"]
[WhiteTitle "GM"]
[BlackTitle "GM"]
[WhiteElo "2691"]
[BlackElo "2585"]
[WhiteFideId "24101605"]
[BlackFideId "13302000"]
[EventDate "2017.12.29"]

1. e4 c5 2. Nf3 d6 3. Nc3 a6 4. g3 Nf6 5. e5 dxe5 6. Nxe5 Nbd7 7. Nf3 b6 8. Bg2
Bb7 9. O-O e6 10. Re1 Be7 11. d4 O-O 12. Ne5 Bxg2 13. Kxg2 Rc8 14. d5 exd5 15.
Nxd5 Nxd5 16. Qxd5 Nxe5 17. Rxe5 Bf6 18. Rf5 Qxd5+ 19. Rxd5 Rfd8 20. Rxd8+ Rxd8
21. Be3 Kf8 22. c3 Ke7 23. Kf3 Rc8 24. a4 Kd6 25. g4 h6 26. Ke4 Re8+ 27. Kd3 Kd5
28. Rd1 b5 29. axb5 axb5 30. Kc2+ Kc6 31. Ra1 b4 32. Ra5 Re5 33. c4 Be7 1-0

[Event "Mondiale Lampo FIDE 2017"]
[Site "Riyadh"]
[Date "30.12.2017"]
[Round "15.9"]
[White "Grischuk, Alexander"]
[Black "Le, Quang Liem"]
[Result "1-0"]
[WhiteTitle "GM"]
[BlackTitle "GM"]
[WhiteElo "2772"]
[BlackElo "2737"]
[WhiteFideId "4126025"]
[BlackFideId "12401137"]
[EventDate "2017.12.29"]

1. e4 e6 2. d4 d5 3. Nc3 Bb4 4. e5 c5 5. a3 Bxc3+ 6. bxc3 Ne7 7. Qg4 Kf8 8. Qd1
Qc7 9. Nf3 b6 10. a4 h6 11. a5 Ba6 12. axb6 axb6 13. Bd3 Qb7 14. Rb1 Bxd3 15.
cxd3 cxd4 16. Nxd4 Nbc6 17. Nb5 Nxe5 18. O-O Kg8 19. Re1 N5g6 20. Qf3 Nf5 21. g3
Kh7 22. h4 Rhd8 23. h5 Nf8 24. Bf4 Kg8 25. g4 Ne7 26. c4 Qd7 27. Bg3 Nh7 28. Qe3
dxc4 29. dxc4 Qc6 30. Bh4 Rd7 31. Rec1 Qc5 32. Qxc5 bxc5 33. Rd1 Rxd1+ 34. Rxd1
Nc6 35. Bg3 Nf6 36. f3 Ra4 37. Rd6 Na5 38. Rd8+ Kh7 39. Nd6 Ra1+ 40. Kf2 Rd1 41.
Ke2 Rd4 42. Be5 Nc6 43. Bxd4 Nxd8 44. Bxc5 Nd7 45. Bd4 f5 46. Ne8 e5 47. Bc3
fxg4 48. fxg4 Kg8 49. Ke3 Kf7 50. Nd6+ Ke6 51. Nf5 Kf6 52. Bb4 Ne6 53. Be7+ Kf7
54. Bh4 Nb6 55. Nd6+ Kf8 56. Ke4 Nd7 57. Kd5 Nec5 58. Kc6 e4 59. Nxe4 Nxe4 60.
Kxd7 g6 61. Ke6 gxh5 62. gxh5 Ke8 63. Ke5 Nc5 64. Kd5 Nd3 65. Bg3 Kd7 66. c5
Nb4+ 67. Ke5 Nd3+ 68. Kd4 Nb4 69. Bf4 Nc6+ 70. Ke4 Ne7 71. Bxh6 Ke6 72. Be3 Nf5
73. h6 Nh4 74. h7 Ng6 75. Bd4 1-0

[Event "Mondiale Lampo FIDE 2017"]
[Site "Riyadh"]
[Date "30.12.2017"]
[Round "15.11"]
[White "Jobava, Baadur"]
[Black "Harikrishna, Pentala"]
[Result "1-0"]
[WhiteTitle "GM"]
[BlackTitle "GM"]
[WhiteElo "2690"]
[BlackElo "2744"]
[WhiteFideId "13601520"]
[BlackFideId "5007003"]
[EventDate "2017.12.29"]

1. b3 e5 2. Bb2 Nc6 3. e3 Nf6 4. Nf3 e4 5. Nd4 Nxd4 6. Bxd4 Be7 7. c4 O-O 8. Nc3
c6 9. Rc1 d5 10. cxd5 cxd5 11. Be2 Be6 12. O-O a6 13. f4 exf3 14. Bxf3 Qd6 15.
Ne2 Nd7 16. Qe1 Bf6 17. Bxf6 Nxf6 18. Nd4 Rac8 19. Rxc8 Bxc8 20. Qc1 Bd7 21. Qb2
Rc8 22. Rc1 Rxc1+ 23. Qxc1 g6 24. Qc3 Kf8 25. b4 Ke7 26. a3 h5 27. Nb3 Bc6 28.
Na5 Nd7 29. Be2 Ne5 30. h3 b5 31. Qxe5+ 1-0

[Event "Mondiale Lampo FIDE 2017"]
[Site "Riyadh"]
[Date "30.12.2017"]
[Round "15.12"]
[White "Salem, A.R. Saleh"]
[Black "Khismatullin, Denis"]
[Result "1-0"]
[WhiteTitle "GM"]
[BlackTitle "GM"]
[WhiteElo "2638"]
[BlackElo "2632"]
[WhiteFideId "9301348"]
[BlackFideId "4142578"]
[EventDate "2017.12.29"]

1. d4 Nf6 2. c4 e6 3. Nf3 a6 4. g3 b5 5. b3 Bb7 6. Bg2 c5 7. d5 exd5 8. Nh4 Ne4
9. cxd5 Qf6 10. Bxe4 Qxa1 11. Qc2 d6 12. O-O Qf6 13. Bb2 Qd8 14. Nf5 Rg8 15. Bg2
g6 16. Qe4+ Kd7 17. Ne3 Qe7 18. Qd3 Bg7 19. Bxg7 Rxg7 20. a4 Ke8 21. Nc3 Kf8 22.
h4 Nd7 23. axb5 Ne5 24. Qc2 axb5 25. Nxb5 Rg8 26. f4 Ba6 27. fxe5 Bxb5 28. e6 f6
29. Qb2 Kg7 30. h5 Rgf8 31. Rf2 Kh8 32. Be4 Qg7 33. hxg6 f5 34. Qxg7+ Kxg7 35.
Nxf5+ Rxf5 36. Rxf5 hxg6 37. Rf7+ Kh6 38. e7 Re8 39. Kf2 Kg5 40. Kf3 Bd7 41. Bd3
Bg4+ 42. Kf2 Bd7 43. e4 Rb8 44. Bc4 Kh6 45. Rf8 Re8 46. Ke3 Kg7 47. Rxe8 Bxe8
48. e5 dxe5 49. d6 Kf6 50. Ke4 Bc6+ 51. Bd5 Bd7 52. Kd3 Bb5+ 53. Kc3 Bd7 54. Kc4
e4 55. Bxe4 Ke5 56. Bxg6 1-0

[Event "Mondiale Lampo FIDE 2017"]
[Site "Riyadh"]
[Date "30.12.2017"]
[Round "15.13"]
[White "Vidit, Santosh Gujrathi"]
[Black "Mamedov, Rauf"]
[Result "1-0"]
[WhiteTitle "GM"]
[BlackTitle "GM"]
[WhiteElo "2715"]
[BlackElo "2709"]
[WhiteFideId "5029465"]
[BlackFideId "13401653"]
[EventDate "2017.12.29"]

1. d4 d6 2. Nf3 Nf6 3. g3 g6 4. Bg2 Bg7 5. O-O O-O 6. b3 a5 7. a4 c5 8. Bb2 Nc6
9. dxc5 dxc5 10. Na3 Bf5 11. Nd2 Qc8 12. e4 Bh3 13. Ndc4 Bxg2 14. Kxg2 Qe6 15.
f3 Rfd8 16. Qe1 Nd4 17. Nxa5 Nd7 18. N5c4 h5 19. Bxd4 cxd4 20. Rd1 Nc5 21. Nb5
Rac8 22. e5 d3 23. cxd3 Nxb3 24. Qe3 Nc5 25. Nd4 Qd5 26. Nb6 Qxd4 27. Qxd4 Rxd4
28. Nxc8 Bxe5 29. Nxe7+ Kf8 30. Nc8 Nxa4 31. Rb1 Rd8 32. Nb6 Nc5 33. Nc4 Bd4 34.
Rb5 Re8 35. f4 Re2+ 36. Kf3 Rxh2 37. Nd6 Rd2 38. Nxb7 Rxd3+ 39. Kg2 Ne4 40. Rf3
Rd2+ 41. Kf1 Ra2 42. Rd3 Bf2 43. Nd6 Nxg3+ 44. Kg2 Be1+ 45. Kf3 Rf2+ 46. Ke3
Nf1+ 47. Ke4 Nd2+ 48. Ke3 Nf1+ 49. Ke4 Ng3+ 50. Rxg3 Rd2 51. Rd3 Ra2 52. Rb7
Ra4+ 53. Kf3 f5 54. Nb5 Ba5 55. Ra3 1-0

[Event "Mondiale Lampo FIDE 2017"]
[Site "Riyadh"]
[Date "30.12.2017"]
[Round "15.14"]
[White "Kravtsiv, Martyn"]
[Black "Quparadze, Giga"]
[Result "0-1"]
[WhiteTitle "GM"]
[BlackTitle "GM"]
[WhiteElo "2672"]
[BlackElo "2506"]
[WhiteFideId "14113147"]
[BlackFideId "13602250"]
[EventDate "2017.12.29"]

1. e4 c5 2. Nf3 e6 3. d4 cxd4 4. Nxd4 a6 5. Be2 Nf6 6. Nc3 Bb4 7. O-O d6 8. Bf3
O-O 9. Nde2 Nc6 10. a3 Bc5 11. g3 e5 12. Bg2 h6 13. Qd3 Be6 14. Be3 Bxe3 15.
Qxe3 b5 16. Rfd1 Qc7 17. h3 Rac8 18. f4 Rfe8 19. Qf2 Bc4 20. Rd2 Bxe2 21. Rxe2
Nd4 22. Rd2 a5 23. Rf1 b4 24. axb4 axb4 25. Nd5 Nxd5 26. exd5 f5 27. Ra1 Qc5 28.
Ra6 Ra8 29. Rxa8 Rxa8 30. fxe5 dxe5 31. Kh2 Ra2 32. c3 bxc3 33. bxc3 Nf3+ 34.
Kh1 Qxf2 0-1

[Event "Mondiale Lampo FIDE 2017"]
[Site "Riyadh"]
[Date "30.12.2017"]
[Round "15.15"]
[White "Fedoseev, Vladimir3"]
[Black "Akobian, Varuzhan"]
[Result "1-0"]
[WhiteTitle "GM"]
[BlackTitle "GM"]
[WhiteElo "2718"]
[BlackElo "2647"]
[WhiteFideId "24130737"]
[BlackFideId "13300580"]
[EventDate "2017.12.29"]

1. d4 Nf6 2. c4 e6 3. Nc3 d5 4. Bf4 Bd6 5. Bxd6 Qxd6 6. e3 O-O 7. Nf3 b6 8. Rc1
a6 9. cxd5 exd5 10. Bd3 c5 11. dxc5 bxc5 12. O-O Bb7 13. Qb3 Bc6 14. Qa3 Nbd7
15. Bf5 Rfd8 16. Rfd1 Nb6 17. b3 d4 18. Ne2 Bxf3 19. gxf3 g6 20. Bh3 Qd5 21. Bg2
Rac8 22. exd4 c4 23. Qxa6 Nfd7 24. bxc4 Rxc4 25. Rxc4 Nxc4 26. f4 Qe6 27. Qxe6
fxe6 28. Rc1 Ndb6 29. Be4 Nd6 30. f3 Nbc4 31. Kf2 Rd7 32. Bd3 Nb2 33. Bb1 Ra7
34. Rc6 Nf5 35. Rxe6 Nd1+ 36. Ke1 Nde3 37. Kd2 Nf1+ 38. Kc3 Nxh2 39. Bxf5 gxf5
40. Ng3 Rc7+ 41. Kd3 Nxf3 42. Nxf5 Kf7 43. Rh6 Rc1 44. Ke4 Nd2+ 45. Kd5 Ra1 46.
Ra6 h5 47. a4 Nf3 48. Ke4 Nd2+ 49. Ke5 Nc4+ 50. Kd5 Nb2 51. a5 Rf1 52. Ke4 Nc4
53. Ra7+ Kf6 54. Ng3 Re1+ 55. Kd3 Nb2+ 56. Kc3 h4 57. Nh5+ Kg6 58. Kxb2 Kxh5 59.
a6 Re6 60. Kc3 h3 61. Rh7+ Kg4 62. a7 Ra6 63. Kb4 Kxf4 64. Kb5 Ra3 65. Kb6 Kg3
66. d5 Rb3+ 67. Kc7 Rc3+ 68. Kb8 Rb3+ 69. Kc8 h2 70. a8=Q Rc3+ 71. Kd8 Rf3 72.
Qb8+ 1-0

[Event "Mondiale Lampo FIDE 2017"]
[Site "Riyadh"]
[Date "30.12.2017"]
[Round "15.16"]
[White "Amin, Bassem"]
[Black "Savchenko, Boris"]
[Result "0-1"]
[WhiteTitle "GM"]
[BlackTitle "GM"]
[WhiteElo "2689"]
[BlackElo "2566"]
[WhiteFideId "10601457"]
[BlackFideId "4147332"]
[EventDate "2017.12.29"]

1. e4 e6 2. d3 d5 3. Nd2 Nf6 4. Ngf3 Nc6 5. c3 e5 6. b4 a6 7. Bb2 Be7 8. a3 O-O
9. g3 Re8 10. Bg2 dxe4 11. dxe4 Qd3 12. Bf1 Qd6 13. Qc2 Bg4 14. h3 Bh5 15. Nh4
Rad8 16. Nf5 Qe6 17. Bg2 Rd7 18. g4 Bg6 19. O-O h5 20. g5 Rxd2 21. Qxd2 Nxe4 22.
Nxe7+ Nxe7 23. Qc1 Qc4 24. Re1 Nd5 25. Bf1 Qc6 26. c4 Nf4 27. h4 Nxf2 28. Kxf2
Qh1 29. Re3 Qh2+ 30. Ke1 Qxh4+ 31. Kd2 Rd8+ 32. Kc3 Qf2 33. Kb3 Rd2 34. Rc3 e4
35. Rb1 e3 36. Ra1 h4 37. a4 Kh7 38. Ka3 e2 39. Bxe2 Rxe2 40. Rb3 Nd3 41. Qc3
Nxb2 42. Rxb2 Rxb2 43. Qxb2 Qe3+ 44. Qb3 Qxg5 45. Rh1 Bf5 46. Qf3 g6 47. Qxb7
Qe3+ 48. Kb2 Qf2+ 49. Kc3 Qc2+ 50. Kd4 Qd3+ 51. Ke5 Qc3+ 52. Kf4 Qxc4+ 53. Kg5
Qg4+ 54. Kf6 Qd4+ 55. Kxf7 Qd7+ 56. Kf6 Qe6+ 57. Kg5 Qe7+ 58. Kf4 Qd6+ 59. Kg5
h3 60. Qf3 Qe7+ 61. Kf4 Qxb4+ 62. Kg5 Kg7 63. Rd1 Qe7+ 64. Kf4 Qf6 65. Kg3 Qe5+
66. Kf2 h2 67. Qg3 0-1

[Event "Mondiale Lampo FIDE 2017"]
[Site "Riyadh"]
[Date "30.12.2017"]
[Round "15.17"]
[White "Bacrot, Etienne"]
[Black "Aronian, Levon"]
[Result "0-1"]
[WhiteTitle "GM"]
[BlackTitle "GM"]
[WhiteElo "2725"]
[BlackElo "2805"]
[WhiteFideId "605506"]
[BlackFideId "13300474"]
[EventDate "2017.12.29"]

1. e4 e5 2. Nf3 Nc6 3. Bb5 a6 4. Ba4 Nf6 5. O-O Be7 6. Qe2 b5 7. Bb3 O-O 8. c3
d5 9. d3 Re8 10. Rd1 Be6 11. Nbd2 h6 12. Nf1 Bf8 13. Ng3 d4 14. Bxe6 Rxe6 15.
Nf5 Ne8 16. a4 Rb8 17. axb5 axb5 18. h3 Bc5 19. Nh2 b4 20. c4 Bf8 21. Bd2 Ne7
22. Ra7 Nd6 23. g4 Ng6 24. Rda1 Nb7 25. Nf3 Nc5 26. g5 Nb3 27. gxh6 Nxa1 28. Ng5
gxh6 29. Nxe6 fxe6 30. Qh5 Qf6 31. Nxh6+ Bxh6 32. Bxh6 Nc2 33. Rxc7 Ne1 34. Kf1
Nxd3 35. f3 Rf8 36. Bxf8 Nxf8 37. Qg4+ Qg6 38. Ke2 Nxb2 39. c5 Na4 40. Rc8 Qxg4
41. fxg4 b3 42. c6 Nc3+ 43. Kd3 Nb5 44. Rb8 Nd6 45. c7 Kf7 46. c8=Q Nxc8 47.
Rxc8 Ng6 48. Rb8 Nf4+ 49. Kc4 Nxh3 50. Rxb3 Ng5 51. Rb1 Nxe4 52. Kd3 Nf2+ 53.
Ke2 Nxg4 54. Kf3 Nf6 55. Rb6 e4+ 56. Ke2 d3+ 57. Kd2 Nd5 58. Rb1 Kf6 59. Rf1+
Ke5 60. Ra1 Nb6 61. Rc1 Kd4 62. Rc6 Nc4+ 63. Kd1 e5 64. Rc8 e3 65. Kc1 e2 66.
Rd8+ Ke3 0-1

[Event "Mondiale Lampo FIDE 2017"]
[Site "Riyadh"]
[Date "30.12.2017"]
[Round "15.18"]
[White "Fressinet, Laurent"]
[Black "Safarli, Eltaj"]
[Result "1/2-1/2"]
[WhiteTitle "GM"]
[BlackTitle "GM"]
[WhiteElo "2662"]
[BlackElo "2639"]
[WhiteFideId "608742"]
[BlackFideId "13402129"]
[EventDate "2017.12.29"]

1. Nf3 Nf6 2. g3 g6 3. Bg2 Bg7 4. c4 O-O 5. Nc3 d5 6. cxd5 Nxd5 7. h4 h5 8. O-O
c5 9. Ng5 Nxc3 10. dxc3 Qc7 11. Bf4 e5 12. Be3 Bg4 13. Ne4 Nd7 14. Qd6 Rac8 15.
Qxc7 Rxc7 16. Rfe1 b6 17. Rad1 Nf6 18. Rd6 Nxe4 19. Bxe4 Rd7 20. Rxd7 Bxd7 21.
Bd5 Bf6 22. Rd1 Rd8 23. Bc4 Bc6 24. Rxd8+ Bxd8 25. Kf1 b5 26. Bb3 c4 27. Bc2 a5
28. Bc5 Bc7 29. e4 f6 30. Ke2 Kf7 31. f3 Ke6 32. a3 f5 33. Bf2 Bd6 34. Be1 Bc5
35. Bf2 Bd6 36. Be1 Be7 37. Bf2 b4 38. axb4 axb4 39. cxb4 Bxb4 40. Be1 Bc5 41.
b3 Bb5 42. bxc4 Bxc4+ 43. Bd3 Bxd3+ 44. Kxd3 Bg1 45. Ke2 Bc5 46. Kd3 Bb6 47. Ke2
Bc5 48. Kd3 Bb6 49. Ke2 Bc5 50. Kd3 1/2-1/2

[Event "Mondiale Lampo FIDE 2017"]
[Site "Riyadh"]
[Date "30.12.2017"]
[Round "15.19"]
[White "Bu, Xiangzhi"]
[Black "Inarkiev, Ernesto"]
[Result "1/2-1/2"]
[WhiteTitle "GM"]
[BlackTitle "GM"]
[WhiteElo "2730"]
[BlackElo "2689"]
[WhiteFideId "8601445"]
[BlackFideId "4162722"]
[EventDate "2017.12.29"]

1. Nf3 d5 2. d4 Nf6 3. c4 dxc4 4. e3 b5 5. a4 b4 6. Bxc4 e6 7. O-O Be7 8. Qe2
O-O 9. b3 Bb7 10. Bb2 Nbd7 11. Nbd2 c5 12. Rac1 Rc8 13. Rfd1 cxd4 14. Bxd4 Qc7
15. Bb2 Qb8 16. h3 h6 17. Bb5 Nc5 18. Bd4 Nfe4 19. Nxe4 Nxe4 20. Bd3 Nc3 21.
Bxc3 Rxc3 22. Rxc3 bxc3 23. Bc2 Rd8 24. Rxd8+ Qxd8 25. Qd3 Qxd3 26. Bxd3 Bxf3
27. gxf3 a5 1/2-1/2

[Event "Mondiale Lampo FIDE 2017"]
[Site "Riyadh"]
[Date "30.12.2017"]
[Round "15.20"]
[White "Mchedlishvili, Mikheil"]
[Black "Laznicka, Viktor"]
[Result "0-1"]
[WhiteTitle "GM"]
[BlackTitle "GM"]
[WhiteElo "2603"]
[BlackElo "2647"]
[WhiteFideId "13600966"]
[BlackFideId "316385"]
[EventDate "2017.12.29"]

1. Nf3 d5 2. d4 Nf6 3. c4 c6 4. g3 Bg4 5. Bg2 e6 6. Nc3 Nbd7 7. O-O Bxf3 8. Bxf3
dxc4 9. a4 a5 10. Qc2 Nb6 11. Rd1 Be7 12. e4 O-O 13. Be3 Qc7 14. Bf4 Qc8 15.
Rab1 Rd8 16. b3 cxb3 17. Qxb3 Nfd7 18. Be3 Bb4 19. Na2 c5 20. Nxb4 cxb4 21. Rbc1
Qb8 22. d5 exd5 23. exd5 Qd6 24. Bd4 Rac8 25. Qe3 Nxa4 26. Qg5 f6 27. Qh5 Ne5
28. Be4 g6 29. Qh6 Nc3 30. Bxe5 fxe5 31. Re1 Nxe4 32. Rxe4 Rxc1+ 33. Qxc1 Qxd5
34. Qe3 Qc6 35. h4 a4 36. Kh2 b3 37. Rb4 Rd1 38. f3 Qc2+ 39. Kh3 Rh1+ 0-1

[Event "Mondiale Lampo FIDE 2017"]
[Site "Riyadh"]
[Date "30.12.2017"]
[Round "15.21"]
[White "Bortnyk, Olexandr"]
[Black "Grigoriants, Sergey"]
[Result "1-0"]
[WhiteTitle "GM"]
[BlackTitle "GM"]
[WhiteElo "2610"]
[BlackElo "2561"]
[WhiteFideId "14120828"]
[BlackFideId "4130804"]
[EventDate "2017.12.29"]

1. d4 Nf6 2. Nc3 d5 3. Bf4 e6 4. Nb5 Na6 5. e3 Bb4+ 6. c3 Be7 7. a4 O-O 8. Nf3
c6 9. Na3 c5 10. Nb5 Ne8 11. Bd3 Nac7 12. h4 Nxb5 13. axb5 f5 14. Ne5 Nf6 15. h5
Bd7 16. g4 Qe8 17. b6 cxd4 18. exd4 fxg4 19. Rxa7 Rb8 20. Qe2 Bd6 21. h6 Nh5 22.
hxg7 Rxf4 23. Nxd7 Qxd7 24. Rxh5 g3 25. fxg3 Rf6 26. Rxh7 Bxg3+ 27. Kd1 Qf7 28.
Rh8+ Kxg7 29. Rh7+ 1-0

[Event "Mondiale Lampo FIDE 2017"]
[Site "Riyadh"]
[Date "30.12.2017"]
[Round "15.22"]
[White "Vallejo Pons, Francisco"]
[Black "Kryvoruchko, Yuriy"]
[Result "1/2-1/2"]
[WhiteTitle "GM"]
[BlackTitle "GM"]
[WhiteElo "2707"]
[BlackElo "2689"]
[WhiteFideId "2205530"]
[BlackFideId "14109182"]
[EventDate "2017.12.29"]

1. e4 e5 2. Nf3 Nc6 3. Bb5 Nf6 4. Qe2 Bc5 5. Bxc6 dxc6 6. Nxe5 Qd4 7. Nd3 Bb6 8.
Nc3 O-O 9. f3 Re8 10. b3 c5 11. Bb2 c4 12. Nf2 Nd5 13. Na4 c3 14. Bxc3 Nxc3 15.
dxc3 Qf6 16. O-O Bxf2+ 17. Qxf2 b5 18. Nc5 Qxc3 19. Rad1 Qb2 20. Qd4 Qa3 21. Rd2
a5 22. c3 Be6 23. Qe3 Rad8 24. Rxd8 Rxd8 25. Nxe6 fxe6 26. Qf2 Rd3 27. c4 bxc4
28. bxc4 Rc3 29. Rd1 Rxc4 30. h3 Qc5 31. Rd8+ Kf7 32. Rd7+ Kf6 33. Qxc5 Rxc5 34.
Kf2 Rc2+ 35. Kg3 c5 36. Rc7 a4 37. a3 Rc3 38. h4 h5 39. Kf4 e5+ 40. Kg3 g6 41.
Rc6+ Kf7 42. Kf2 1/2-1/2

[Event "Mondiale Lampo FIDE 2017"]
[Site "Riyadh"]
[Date "30.12.2017"]
[Round "15.24"]
[White "Amonatov, Farrukh"]
[Black "Jumabayev, Rinat"]
[Result "1-0"]
[WhiteTitle "GM"]
[BlackTitle "GM"]
[WhiteElo "2636"]
[BlackElo "2612"]
[WhiteFideId "14700077"]
[BlackFideId "13702661"]
[EventDate "2017.12.29"]

1. e4 c5 2. Nf3 d6 3. d4 cxd4 4. Nxd4 a6 5. Nc3 e6 6. Be3 b5 7. Qd2 Nf6 8. f3 b4
9. Nce2 e5 10. Nb3 d5 11. exd5 Qxd5 12. O-O-O Be6 13. Ng3 Nbd7 14. Kb1 Be7 15.
Bd3 g6 16. Ne4 Qc6 17. Bg5 Nd5 18. Bxe7 Kxe7 19. Ng5 a5 20. Be4 N7f6 21. Nxe6
fxe6 22. Qg5 Qd6 23. Bxd5 exd5 24. Rhe1 Kf7 25. Qxe5 Qxe5 26. Rxe5 a4 27. Nd4
Rhe8 28. Rde1 Rxe5 29. Rxe5 Rc8 30. b3 axb3 31. axb3 h5 32. g3 h4 33. g4 Rc5 34.
h3 Nh7 35. Kc1 Kf6 36. f4 Kf7 37. g5 Nf8 38. Kd2 Rc3 39. Re3 Rc5 40. Nf3 Rc7 41.
Nxh4 Ne6 42. Nxg6 Nd4 43. Ne5+ Kg7 44. Rd3 Ne6 45. Rxd5 Nxf4 46. Rd7+ Rxd7+ 47.
Nxd7 Nxh3 48. Kd3 Nxg5 49. Kc4 Kf7 50. Kxb4 Ke6 51. Nc5+ Kd6 52. c4 Nf3 53. Nd3
Nd2 54. Kc3 Ne4+ 55. Kd4 Nd2 56. b4 Nf3+ 57. Kc3 Kc6 58. b5+ Kd6 59. Kb4 Nd4 60.
c5+ Kd5 61. Nf4+ Ke5 62. Ng6+ Ke6 63. Kc4 Nf5 64. b6 Kd7 65. Ne5+ Kc8 66. c6
Nd6+ 67. Kd5 Nb5 68. Kc5 Nc3 69. Nd7 Ne4+ 70. Kd4 Nd6 71. Kd5 Nb7 72. cxb7+ 1-0

[Event "Mondiale Lampo FIDE 2017"]
[Site "Riyadh"]
[Date "30.12.2017"]
[Round "15.25"]
[White "Rapport, Richard"]
[Black "Ponomariov, Ruslan"]
[Result "1-0"]
[WhiteTitle "GM"]
[BlackTitle "GM"]
[WhiteElo "2707"]
[BlackElo "2694"]
[WhiteFideId "738590"]
[BlackFideId "14103320"]
[EventDate "2017.12.29"]

1. d4 Nf6 2. Bg5 e6 3. Nc3 h6 4. Bxf6 Qxf6 5. Qd2 d6 6. O-O-O a6 7. g4 Nd7 8. f4
g5 9. e3 Qe7 10. h4 Bg7 11. hxg5 hxg5 12. Rxh8+ Bxh8 13. Nf3 gxf4 14. exf4 b5
15. Nd5 Qd8 16. Qh2 Bg7 17. Ng5 Nf8 18. Qh5 Qd7 19. Nxf7 Qxf7 20. Nxc7+ Ke7 21.
Qxf7+ Kxf7 22. Nxa8 Bb7 23. Nc7 Bf6 24. d5 e5 25. f5 Nd7 26. Ne6 Nb6 27. g5 Be7
28. Bg2 1-0

[Event "Mondiale Lampo FIDE 2017"]
[Site "Riyadh"]
[Date "30.12.2017"]
[Round "15.26"]
[White "Nguyen, Ngoc Truong Son"]
[Black "Ivanchuk, Vassily"]
[Result "1/2-1/2"]
[WhiteTitle "GM"]
[BlackTitle "GM"]
[WhiteElo "2630"]
[BlackElo "2726"]
[WhiteFideId "12401110"]
[BlackFideId "14100010"]
[EventDate "2017.12.29"]

1. d4 Nf6 2. Nf3 g6 3. Bg5 Bg7 4. Nbd2 c5 5. dxc5 Na6 6. Be3 Ng4 7. Bd4 Bxd4 8.
Nxd4 Nxc5 9. e3 Nf6 10. Be2 O-O 11. O-O b6 12. Bf3 Bb7 13. Bxb7 Nxb7 14. c4 Rc8
15. Qa4 Nc5 16. Qa3 a5 17. Rfd1 d6 18. h3 Qd7 19. N2f3 Rfd8 20. Rac1 Qb7 21. Nb3
Nfe4 22. Nbd2 Nf6 23. Nb3 Rc7 24. Nbd4 Rcc8 25. Nb3 Rd7 26. Rc2 Rdc7 27. Nbd4
Ncd7 28. b3 Rc5 29. Rcc1 d5 30. cxd5 Nxd5 31. Ne2 Nb4 32. Rxc5 Nxc5 33. Nf4 f6
34. Qb2 e5 35. a3 exf4 36. axb4 axb4 37. Qxf6 fxe3 38. fxe3 Rf8 39. Qd4 Qe7 40.
Qc4+ Qf7 41. Qxb4 Qxb3 42. Qxb3+ Nxb3 43. Rb1 Na5 44. Rxb6 Nc4 45. Rb3 Rd8 46.
Rc3 Nd2 47. Nxd2 Rxd2 48. Kh2 Kf7 49. Kg3 h5 50. Kf3 Kf6 51. Rc6+ Kf7 52. Rc7+
Kf6 53. Rc6+ Kf7 54. h4 Rd5 55. e4 Ra5 56. Kf4 Rb5 57. Rd6 Ra5 58. Rb6 Rc5 59.
Rb7+ Kf6 60. Rb6+ Kf7 61. Ra6 Rb5 62. Rc6 Ra5 63. Rc4 Kf6 64. g3 Rb5 65. Rd4 Ra5
66. Rd5 Ra4 67. Rd6+ Kf7 68. Ke5 Ra3 69. Rd7+ Ke8 70. Rg7 Rxg3 71. Kf6 Rg4 72.
e5 Rf4+ 73. Ke6 Kf8 74. Rxg6 Rxh4 75. Kd7 Ra4 76. Rf6+ Kg7 77. Rf1 Ra7+ 78. Kd6
Ra6+ 79. Kd7 Ra7+ 80. Kd6 Ra6+ 1/2-1/2

[Event "Mondiale Lampo FIDE 2017"]
[Site "Riyadh"]
[Date "30.12.2017"]
[Round "15.27"]
[White "Christiansen, Johan-Sebastian"]
[Black "Pantsulaia, Levan"]
[Result "0-1"]
[WhiteTitle "IM"]
[BlackTitle "GM"]
[WhiteElo "2495"]
[BlackElo "2612"]
[WhiteFideId "1512668"]
[BlackFideId "13602071"]
[EventDate "2017.12.29"]

1. e4 c6 2. d4 d5 3. Nd2 dxe4 4. Nxe4 Bf5 5. Ng3 Bg6 6. h4 h6 7. Nh3 e6 8. Nf4
Bh7 9. Bc4 Nf6 10. O-O Bd6 11. Nxe6 fxe6 12. Bxe6 Nbd7 13. Re1 Kf8 14. c4 Bxg3
15. fxg3 Bg8 16. d5 cxd5 17. cxd5 Nb6 18. Qc2 Nbxd5 19. Bd2 Qd6 20. Bxg8 Kxg8
21. Rad1 Qxg3 22. Qc4 Kh7 23. Qc2+ Qg6 24. Qb3 Rhe8 25. Rf1 Re4 26. Qh3 Rae8 27.
Bc1 Qg4 28. Qd3 Qxh4 29. Bd2 Kh8 30. Qb5 Re2 31. Rde1 Qd4+ 32. Be3 Qxe3+ 0-1

[Event "Mondiale Lampo FIDE 2017"]
[Site "Riyadh"]
[Date "30.12.2017"]
[Round "15.28"]
[White "Volokitin, Andrei"]
[Black "Adly, Ahmed"]
[Result "0-1"]
[WhiteTitle "GM"]
[BlackTitle "GM"]
[WhiteElo "2628"]
[BlackElo "2637"]
[WhiteFideId "14107090"]
[BlackFideId "10601619"]
[EventDate "2017.12.29"]

1. e4 c5 2. Nf3 d6 3. d4 Nf6 4. Nc3 cxd4 5. Nxd4 Nc6 6. Bg5 Bd7 7. Qd2 Rc8 8. f4
Nxd4 9. Qxd4 Qa5 10. e5 dxe5 11. fxe5 Bc6 12. O-O-O Nd7 13. Bc4 Qxe5 14. Qd2 Qc5
15. Bb3 h6 16. Ne4 Qe5 17. Rhe1 hxg5 18. Nd6+ exd6 19. Qxd6 Bxd6 0-1